Statistics for Countries Closest to Japan

Click here to take the quiz!

General Stats

  • This quiz has been taken 36,238 times
    (34,179 since last reset)
  • The average score is 17 of 20

Answer Stats

km country % Correct
50South Korea
99%
331China
99%
43Russia
98%
420North Korea
98%
1558Vietnam
93%
107Taiwan
91%
2192Indonesia
90%
568Philippines
90%
1864Laos
89%
2041Thailand
88%
1640Mongolia
87%
1943Cambodia
87%
2195United States
84%
1984Malaysia
84%
2578India
82%
2251Myanmar
79%
3073Bangladesh
66%
2309Brunei
62%
2136F. S. Micronesia
52%
2128Palau
45%

Score Distribution

Percentile by Number Answered

Percent of People with Each Score

Your Score History

You have not taken this quiz since the last reset